Budynki według kształtu - Statystyki

Ogólne statystyki
  • Ten quiz został rozwiązany 1 330 razy
  • Średni wynik to 3 z 9
Odpowiedzi na mapie
Odpowiedzi zakodowano w zielono-czerwonej skali na mapie do tego quizu, zgodnie z poniższymi procentami.
 
Statystyki odpowiedzi
Budowla % Poprawnych
Wieża Eiffla
91%
Burdż Chalifa
68%
Empire State Building
58%
Petronas Towers
40%
Taipei 101
23%
Wieża CN
20%
Willis Tower
12%
Chrysler Building
11%
Canton Tower
5%
Nie znaleziono quizów pasujących do podanych kryteriów
Rozkład punktacji
Procent ludzi z każdym wynikiem
Percentyl według liczby udzielonych odpowiedzi
Twoja historia wyników
Nie rozwiązałeś tego quizu